Hodnocení trénovanosti na základe koncentrace laktátu v krvi

Bibliographic Details
Main Authors: Bunc, Václav, 1947- (Author), Heller, J. (Author), Novák, J. (Author)
Format: Article
Language:Czech
PhysicalDescription:Grafy 6.
Subjects:

MARC

LEADER 00000nab a2200000 a 4500
001 vtls000150224
003 SK-MaSNL
005 20260305035310.0
008 220422c1983 xo 0 cze
015 |a SNBRB19rr/mm-uuuuu 
035 |a CL0160331 
040 |a SNKBUCL  |b slo  |c SNKBUCL  |e AACR2 
041 0 |a cze 
044 |a xo  |c SK 
080 |a 612.12  |2 1981 
080 |a 796.015.6  |2 1981 
100 1 |a Bunc, Václav,  |d 1947-  |4 aut  |9 238205 
245 1 0 |a Hodnocení trénovanosti na základe koncentrace laktátu v krvi  |c V. Bunc, J. Heller, J. Novák 
300 |b Grafy 6. 
650 0 7 |a krv  |2 snkbucl  |9 2510 
650 0 7 |a športový tréning  |2 snkbucl  |9 163263 
655 7 |a články z novín a časopisov  |2 snkbucl  |9 267496 
700 1 |a Heller, J.  |4 aut  |9 342343 
700 1 |a Novák, J.  |4 aut  |9 329634 
773 0 |t Tréner  |g Roč. 27, č. 5 (1983), s. 221-223 
850 |a Slovenská národná knižnica v Martine  |a MTA001 
852 |a SNK  |b KIS3GCP 
958 |a RK 
958 |a ME 
958 |a CZ 
992 |a RBX 
999 |c 3333148  |d 3335078